ბათუმის შოთა რუსთაველის სახელმწიფო უნივერსიტეტის ბიბლიოთეკა

Танаис - потерянный и найденный город / (ბიბ.ჩანაწერი № 60923)

000 -LEADER
fixed length control field 00542nam a22001457a 4500
005 - DATE AND TIME OF LATEST TRANSACTION
control field 20231120095842.0
008 - FIXED-LENGTH DATA ELEMENTS--GENERAL INFORMATION
fixed length control field 231120s1967 ru ||||| |||| 00| 0 rus d
080 ## - UNIVERSAL DECIMAL CLASSIFICATION NUMBER
Universal Decimal Classification number 94(395)+902(395) Ш-42
100 ## - MAIN ENTRY--PERSONAL NAME
Personal name Шелов, Д.Б.
9 (RLIN) 20433
245 ## - TITLE STATEMENT
Title Танаис - потерянный и найденный город /
Statement of responsibility, etc. Д.Б. Шелов.
264 ## - PRODUCTION, PUBLICATION, DISTRIBUTION, MANUFACTURE, AND COPYRIGHT NOTICE
Place of production, publication, distribution, manufacture М. :
Name of producer, publisher, distributor, manufacturer Наука,
Date of production, publication, distribution, manufacture, or copyright notice 1967.
300 ## - PHYSICAL DESCRIPTION
Extent 142 с.
Other physical details 20 см.
653 ## - INDEX TERM--UNCONTROLLED
keyword ტანაისი - დაკარგული და ნაპოვნი ქალაქი
942 ## - ADDED ENTRY ELEMENTS (KOHA)
Source of classification or shelving scheme
Koha item type წიგნი
ეგზემპლარები
Withdrawn status Lost status Source of classification or shelving scheme Damaged status Not for loan Permanent Location Current Location Shelving location Date acquired Cost, normal purchase price Full call number Barcode Date last seen Copy number Uniform Resource Identifier Price effective from Koha item type Public note
          ბათუმის შოთა რუსთაველის სახელმწიფო უნივერსიტეტის მთავარი ბიბლიოთეკა ბათუმის შოთა რუსთაველის სახელმწიფო უნივერსიტეტის მთავარი ბიბლიოთეკა წიგნსაცავი 2023-11-20 5.00 94(395)+902(395) Ш-42 65472 2023-11-20 65472 ბსუ-ს საპატიო დოქტორის გურამ ლორთქიფანიძის საჩუქარი 2023-11-20 წიგნი 5 ლ.